000
00367cam a2200169ua 4500
020
_c
2.00
041
_a
mal
_h
082
_a
894.812308
_b
ALI/AN
100
_a
Alikutty, M.V .
245
_a
Antha balika
260
_a
Champakulam :
_b
B.K.M Book Depot ,
_c
1961.
300
_a
184 ; .
365
_a
2.00
504
_a
942
_c
BK
999
_c
4332
_d
4332